000 002360000a22000970004500
100 1 _aBray, Gerald
245 1 0 _aEastern orthodox theology in outline
300 _aVol. 14, Núm 1 (1996), Páginas 14-22
773 0 _tEvangel
942 _cANA
999 _c54196
_d54196